000
00327nam a22001337a 4500
008
180918b xxu||||| |||| 00| 0 eng d
020
_a
0443066051
041
_a
eng
080
_a
616
100
_a
6
101
_a
ANE
245
_a
Hndbook For Anethessia And Co Existing Disease
_c
Stoelting.R.K
942
_2
udc
_c
BK
999
_c
47904
_d
47904